Théorie des équations différentielles ordinaires et des équations intégrales /
Guardado en:
| Autor Principal: | |
|---|---|
| Formato: | Libro |
| Idioma: | French Russian |
| Publicado: |
Moscou :
Mir,
c1988.
|
| Series: | Traduit du russe. Mathématiques
|
| Etiquetas: |
Agregar Etiqueta
Sin Etiquetas, Sea el primero en etiquetar este registro!
|
| LEADER | 01291nam a22002415a 4500 | ||
|---|---|---|---|
| 001 | MAT.inmabb005318 | ||
| 008 | 090216s1988####ru#a#####b####001#0#fre#d | ||
| 005 | 20130408154727.0 | ||
| 245 | 1 | 0 | |a Théorie des équations différentielles ordinaires et des équations intégrales / |c I. Pétrovsky ; [traduit du russe par Irina Pétrova]. |
| 260 | |a Moscou : |b Mir, |c c1988. | ||
| 300 | |a 359 p. : |b il. ; |c cm. | ||
| 440 | 0 | |a Traduit du russe. |p Mathématiques | |
| 500 | |a Traducción de la 7ma ed. del texto sobre ecuaciones diferenciales ordinarias, y de la 4ta ed. del texto sobre ecuaciones integrales, ambas publicadas en ruso en 1984. | ||
| 504 | |a Incluye referencias bibliográficas (p. [351]-354) e índice. | ||
| 505 | 0 | |a Leçons sur la théorie des équations différentielles ordinaires / sous la direction de A. Mychkis, O. Oléinik -- Leçons sur la théorie des équations intégrales / sous la direction de O. Oléinik. | |
| 510 | 4 | |a MR, |c 90a:34003 | |
| 020 | |a 5030001956 | ||
| 100 | 1 | |a Petrovskii, I. G. |q (Ivan Georgievich) | |
| 740 | 0 | 2 | |a Leçons sur la théorie des équations différentielles ordinaires. |
| 740 | 0 | 2 | |a Leçons sur la théorie des équations intégrales. |
| 084 | |a 34-02 (45-02 34-01 45-01) |2 msc2000 | ||
| 041 | 1 | |a fre |h rus | |
| 859 | |h 34 |i P497 |p A-6408 |b BIB. MATEMATICA | ||
